Statistics for The Americas Geography By Letter G - Picture Quiz

Click here to take the quiz!

General Stats

  • This quiz has been taken 477 times
  • The average score is 11 of 18

Answer Stats

Answer% Correct
{Galápagos} Islands
96%
Golden Gate
94%
Great Lakes
94%
Guyana
91%
Georgia
89%
Grenada
84%
{Guantanamo} {Bay} Detention Camp
70%
Guatemala City
70%
{Green} River
61%
Guadalajara
57%
Greenland
52%
Grand Canyon
48%
Greater Antilles
46%
{Great} {Bear} Lake
45%
The {Grenadines}
37%
Guayaquil
27%
Goiás
13%
Guerrero
13%

Score Distribution

Percentile by Number Answered

Percent of People with Each Score

Your Score History

You have not taken this quiz